| 000 | 00938nam a2200253 i 4500 | ||
|---|---|---|---|
| 001 | 88885 | ||
| 003 | ES-MaACL | ||
| 005 | 20250815162451.0 | ||
| 007 | t| | ||
| 008 | 050110s1993 sp ac ||||1| spa d | ||
| 020 | _a84-87317-22-7 | ||
| 080 | _a75.035(410)(083.824) | ||
| 245 | 0 | 0 |
_aPintura victoriana _b: de Turner a Whistler / _ccomité científico, Robin Hamlyn ... [et al.] ; organizada por The British Council, Museo del Prado, Madrid, Bayerische Staatsgemèaldesammlungen, Munich. |
| 260 |
_a[Madrid] : _bMuseo del Prado, _c1993. |
||
| 300 |
_a247 p. : _bil. col. ; _c34 cm. |
||
| 650 | 1 | 7 |
_aPintura victoriana _2embne _9149708 |
| 650 | 4 |
_aPintura británica- _yS.XIX- _vExposiciones. _9149709 |
|
| 655 | 7 |
_2tgfbne _9193628 _aCatálogos de exposiciones |
|
| 700 | 1 |
_aHamlyn, Robin. _961669 |
|
| 710 | 2 |
_aMuseo Nacional del Prado. _9160001 |
|
| 852 |
_aES-MaACL _jE-10734 |
||
| 942 | _2udc | ||
| 999 |
_c88885 _d88885 |
||